Horská chata

Uložené v:
Podrobná bibliografia
Hlavný autor: Petríková, Petra (Autor)
Ďalší autori: Ingeli, Rastislav (Vedúci práce)
Médium: Rukopis Kniha
Jazyk:Slovak
Vydavateľské údaje: 2017
Predmet:
On-line prístup:http://is.stuba.sk/zp/portal_zp.pl?podrobnosti=126055
https://opac.crzp.sk/?fn=detailBiblioForm&sid=CBCDB6E5622FB9C0D1584628BE80
Tagy: Pridať tag
Žiadne tagy, Buďte prvý, kto otaguje tento záznam!

MARC

LEADER 00000ntm a22000003a 4500
001 stuzp63051
003 SK-STU
005 20230817103626.0
007 ta
008 150427s2015----xo-----f-mn---000-0-slo-d
040 |a STU  |b slo 
041 0 |a slo 
100 1 |a Petríková, Petra  |u 010180  |4 aut  |U SvF Stavebná fakulta  |T SvF Katedra konštrukcií pozemných stavieb  |X 9407  |U V180  |Y 18  |7 9407 
242 0 1 |a Mountain cottage  |y eng 
245 1 0 |a Horská chata 
260 |c 2017 
650 4 |a Tepelnotechnický posudok  |2 slo 
650 4 |a Horská chata  |2 slo 
650 4 |a Projekt na realizáciu stavby  |2 slo 
650 4 |a Mountain cottage  |2 eng 
650 4 |a Thermal report  |2 eng 
650 4 |a Construction project  |2 eng 
700 1 |a Ingeli, Rastislav  |u 010180  |k Z1  |4 ths  |U SvF Stavebná fakulta  |T SvF Katedra konštrukcií pozemných stavieb  |X 23863  |U V180  |Y 18  |7 A000023863 
856 4 |u http://is.stuba.sk/zp/portal_zp.pl?podrobnosti=126055 
856 4 |u https://opac.crzp.sk/?fn=detailBiblioForm&sid=CBCDB6E5622FB9C0D1584628BE80